• 首页
  • 本馆介绍
  • 公告通知
  • 最新文献
  • 馆藏检索
  • 电子资源
  • 读者导购
  • 参考咨询
  • 我的图书馆
  • 登录
  • 详细信息显示
  • 放入我的书架
  • 预约/预借图书
  • 作者相关作品
  • 分类相关作品
  • 丛书相关作品
  • 出版社相关作品

书目信息

  • 表格格式
  • 工作单格式
  • 卡片格式
题名:
清末民初万国博览会亲历记
    
 
作者: 陈占彪 编
分册:  
出版信息: 北京   商务印书馆  2010.04
页数: 384页
开本: 23cm
丛书名:
单 册:
中图分类: G245
科图分类:
主题词: 博览会--世界--近代--史料 , 博览会
电子资源:
ISBN: 978-7-100-07090-4
000 00816nam0 2200241 450
001 010700089690
005 20130427084416.14
010    @a978-7-100-07090-4@dCNY52.00
100    @a20100521d2010 em y0chiy0110 ea
101 0  @achi
102    @aCN@b110000
105    @aa z 000yy
106    @ar
200 1  @a清末民初万国博览会亲历记@9qing mo min chu wan guo bo lan hui qin li ji@f陈占彪编
210    @a北京@c商务印书馆@d2010.04
215    @a384页@c图@d23cm
330    @a本书精选了清末民初万国博览会亲历记24篇,图片200余幅,资料稀见难得。主要包括:六游水晶宫;游观新院;美会纪略;参会日记;巴黎大会纪略;炫奇会观感等。
606 0  @a博览会@y世界@z近代@x史料
606 0  @a博览会
690    @aG245@v4
701  0 @a陈占彪@9chen zhan biao@4编
801  0 @aCN@bRENTIAN@c20100521
905    @b542300-04@dG245@e14@f5
    
    清末民初万国博览会亲历记/陈占彪编.-北京:商务印书馆,2010.04
    384页:图;23cm
    
    
    ISBN 978-7-100-07090-4:CNY52.00
    本书精选了清末民初万国博览会亲历记24篇,图片200余幅,资料稀见难得。主要包括:六游水晶宫;游观新院;美会纪略;参会日记;巴黎大会纪略;炫奇会观感等。
●
相关链接 在E读中查询图书 在五车中查询图书 在当当中查询图书 在豆瓣中查询图书


正题名:清末民初万国博览会亲历记     索取号:G245/14         预约/预借

序号 登录号 条形码 馆藏地/架位号 状态 备注
1 542300   205423004   第一样本阅览室/ [索取号:G245/14] 在馆    
2 542301   205423013   第四借阅区/ [索取号:G245/14] 在馆    
3 542302   205423022   第四借阅区/ [索取号:G245/14] 在馆    
4 542303   205423031   第四借阅区/ [索取号:G245/14] 在馆    
5 542304   205423040   第四借阅区/ [索取号:G245/14] 在馆    
唐山师范学院图书馆 欢迎您!
大连网信软件有限公司© 版权所有